000 00257nam a2200109Ia 4500
008 190919s9999||||xx |||||||||||||| ||und||
100 _aDossal,Zubeida A.
245 0 _aShahjanama
260 _aCanada
_bTata McGraw Hill
_c2003
300 _a328
942 _cBK
999 _c11483
_d11483